[Event "Morbihan-ch 1112"]
[Site "Morbihan"]
[Date "2011.10.08"]
[Round "1.18"]
[White "Andal, Thomas"]
[Black "Le Lostec, Michael"]
[Result "0-1"]
[WhiteElo "1199"]
[BlackElo "1630"]
[PlyCount "74"]
[EventDate "2011.10.08"]
[EventType "swiss"]
[EventRounds "7"]
[EventCountry "FRA"]
[SourceTitle "EXT 2014"]
[Source "ChessBase"]
[SourceDate "2013.11.20"]
[SourceVersion "1"]
[SourceVersionDate "2013.11.20"]
[SourceQuality "1"]

1. e4 e5 2. Nf3 d6 3. d4 Nd7 4. d5 Ngf6 5. Nc3 Nc5 6. Bd3 Be7 7. 0-0 Bg4 8. Be3 Nxd3 9. cxd3 0-0 10. d4 Nd7 11. Re1 f5 12. dxe5 Nxe5 13. Bd4 Nxf3+ 14. gxf3 Bh3 15. exf5 Rxf5 16. Qe2 Rg5+ 17. Kh1 Bg2+ 18. Kg1 Bxf3+ 19. Kf1 Bg2+ 20. Kg1 Bxd5+ 21. Kf1 Bg2+ 22. Kg1 Bf3+ 23. Kf1 Bxe2+ 24. Rxe2 Bf6 25. Be3 Re5 26. Rae1 Qd7 27. f4 Qh3+ 28. Rg2 Rxe3 29. Rxe3 Qxe3 30. Re2 Qxf4+ 31. Ke1 Bxc3+ 32. bxc3 Qc1+ 33. Kf2 Rf8+ 34. Kg3 Qxc3+ 35. Kg4 Qf3+ 36. Kg5 Qf4+ 37. Kh5 Rf5# 0-1